[Event "XXVII RUS-chT Women 2020"]
[Site "Sochi"]
[Date "2020.11.23"]
[Round "5.3"]
[White "Bivol, Alina"]
[Black "Styazhkina, Anna"]
[Result "1/2-1/2"]
[WhiteElo "2373"]
[BlackElo "2319"]
[Annotator "TA"]
[PlyCount "67"]
[EventDate "2020.11.19"]
[EventType "team-tourn"]
[EventCountry "RUS"]
[SourceTitle "playchess.com"]
[Source "ChessBase"]
[SourceQuality "1"]

{[%evp 11,67,0,0,0,0,0,0,-4,10,0,0,0,29,16,21,23,28,0,4,8,19,17,14,5,31,36,33,27,45,27,55,57,62,61,76,10,57,50,55,39,32,37,25,25,24,0,0,0,1,0,0,0,0,0,0,0,0,0]} 1. e4 e5 2. Nf3 Nc6 3. Bc4 Bc5 4. c3 Nf6 5. d4 exd4 6. e5 d5 $1 {[%cal Rd5c4]} 7. Be2 {C54: Giuoco Piano: 4 c3 Nf6, main lines with 5 d4 and 5 d3.} Ne4 {[#] aiming for ...d3!} 8. cxd4 Bb6 9. O-O {9.Nc3 might become the main line.} Bg4 10. Be3 O-O 11. Nc3 Qd7 12. Rc1 {[#]} Rad8 $146 ({Predecessor:} 12... Nxc3 13. bxc3 Na5 14. h3 Bh5 15. g4 Bg6 16. Nh4 Nc4 17. Nxg6 hxg6 18. Bxc4 dxc4 {½-½ (48) Ghaem Maghami,E (2596)-Hjartarson,J (2529) Berlin 2015}) 13. h3 Bh5 14. Na4 f6 15. exf6 Nxf6 16. a3 Rde8 17. b4 Bxf3 18. Bxf3 Ne4 19. Bg4 Qd6 20. Nc5 Bxc5 21. bxc5 Qd8 22. Qa4 a6 23. Rc2 (23. Rfe1 $16) 23... Qf6 (23... Ng3 $5 {[%cal Rg3f1]} 24. Rd1 h5 $11) 24. Qb3 Rd8 25. Qxb7 {[%mdl 64] [#] Double Attack} (25. Qb2 {with more complications.} Rb8 26. Re1 Qf7 27. Rcc1 Na5 28. Be2) 25... Nxd4 26. Bxd4 Qxd4 27. Qxc7 {Threatens to win with c6.} Nd2 $1 {[%cal Rd2f1]} 28. Rxd2 Qxd2 {The position is equal.} 29. c6 {And now Qg3 would win.} Qc2 30. Qb7 Rb8 $1 {[%cal Rb8b7]} 31. Qd7 Rbd8 32. Qb7 {Strongly threatening c7.} Rb8 $1 {[%cal Rb8b7]} 33. Qd7 {Black must now prevent c7.} Rbd8 34. Qb7 {Weighted Error Value: White=0.10/Black=0.06} 1/2-1/2

[Event "XXVII RUS-chT Women 2020"]
[Site "Sochi"]
[Date "2020.11.23"]
[Round "5.4"]
[White "Chernyak, Viktoria"]
[Black "Voit, Daria"]
[Result "1/2-1/2"]
[WhiteElo "2325"]
[BlackElo "2353"]
[Annotator "TA"]
[PlyCount "86"]
[EventDate "2020.11.19"]
[EventType "team-tourn"]
[EventCountry "RUS"]
[SourceTitle "playchess.com"]
[Source "ChessBase"]
[SourceQuality "1"]

{[%evp 15,86,42,74,64,67,66,81,39,41,5,28,0,0,2,4,6,31,-7,-7,-7,-9,-22,0,0,2,-17,-12,-31,-8,-37,-29,-18,-26,-48,-37,-58,-30,-39,-29,-51,-56,-44,-6,-5,-5,-18,0,-3,0,0,0,-8,0,0,0,0,0,0,0,0,0,0,0,0,0,0,0,0,0,0,0,0,0]} 1. Nf3 d5 2. g3 Nf6 3. Bg2 c5 4. O-O Nc6 5. d4 e6 6. c4 dxc4 7. Ne5 Nxe5 8. dxe5 Nd7 9. f4 {[%mdl 1024] White has strong compensation. E04: Open Catalan: 5 Nf3.} Rb8 10. a4 {[%cal Ba2a4,Ba4a5][%mdl 32]} a6 {[#]} 11. a5 $146 {White is better.} ({Predecessor:} 11. Na3 b5 12. axb5 axb5 13. Bc6 c3 14. bxc3 c4 15. Be3 Qc7 16. Bxb5 Bxa3 17. Bxd7+ Qxd7 18. Rxa3 O-O 19. Qxd7 Bxd7 20. Rd1 Bc6 21. Bc5 Rfc8 22. Rd6 Rb1+ 23. Kf2 h5 {½-½ (23) Soos,B-Nunn,J (2500) Cleveland 1979}) 11... Be7 12. Qa4 O-O 13. Qxc4 b5 14. axb6 $1 Nxb6 15. Qc2 c4 16. Nd2 Qc7 17. Ne4 Nd5 18. Kh1 Bb7 19. Bd2 Rfc8 20. Rfc1 Qb6 21. Ba5 Qa7 {Strongly threatening ...Ne3.} 22. Bf3 Ne3 23. Qd2 {[#]} Ng4 $1 {[%mdl 512] Hoping for ...Bxe4.} 24. Bxg4 {aiming for Qc2.} Bxe4+ 25. Bf3 Bxf3+ 26. exf3 Qb7 27. Bc3 Qxf3+ 28. Qg2 Qc6 (28... Qe3 {is interesting.} 29. Qg1 Qd3 30. Qf1 Qd7 31. Qg2 Ra8) 29. Qxc6 {The position is equal.} Rxc6 30. Ra4 Kf8 31. Kg2 Ke8 32. Rca1 Ra8 33. Rd1 f5 34. Kf3 Ra7 35. Rd4 Rac7 36. Rd1 g5 37. h3 h5 38. Rd4 g4+ 39. hxg4 hxg4+ 40. Ke2 Rc8 41. Be1 Rb8 42. Bc3 Rbc8 43. Be1 Rb8 {Weighted Error Value: White=0.09/Black=0.06} 1/2-1/2

[Event "XXVII RUS-chT Women 2020"]
[Site "Sochi"]
[Date "2020.11.23"]
[Round "5.5"]
[White "Shafigullina, Zarina"]
[Black "Pogonina, Natalija"]
[Result "1/2-1/2"]
[WhiteElo "2302"]
[BlackElo "2475"]
[Annotator "TA"]
[PlyCount "87"]
[EventDate "2020.11.19"]
[EventType "team-tourn"]
[EventCountry "RUS"]
[SourceTitle "playchess.com"]
[Source "ChessBase"]
[SourceQuality "1"]

{[%evp 23,87,6,12,-7,20,17,37,37,52,53,47,60,59,38,33,35,39,38,35,35,33,19,27,0,0,0,12,13,15,16,64,65,70,70,70,70,100,107,137,136,137,128,126,52,52,0,0,0,0,0,0,17,17,0,0,0,0,0,0,0,0,0,0,0,0,0]} 1. d4 Nf6 2. Nf3 d5 3. c4 e6 4. g3 Bb4+ 5. Bd2 Be7 6. Bg2 O-O 7. O-O Nbd7 8. Qc2 c6 9. Bf4 b6 10. cxd5 cxd5 11. Rc1 Bb7 12. Bc7 Qe8 13. Qb3 {E08: Closed Catalan: Main Line: 7 Qc2.} Nb8 14. a4 {[%cal Ba2a4,Ba4a5,Ba5a6][%mdl 32] [#]} Na6 $146 ({Predecessor:} 14... Ne4 15. Nc3 Nxc3 16. Rxc3 Na6 17. Bf4 Bb4 18. Rc2 Qe7 19. Rac1 Rac8 20. Ne5 Rxc2 21. Qxc2 {½-½ (48) Ding,L (2812)-Karjakin,S (2753) Astana 2019}) 15. Bf4 {White is slightly better.} Ne4 16. Nc3 Nxc3 17. bxc3 Rc8 18. a5 b5 19. Rcb1 Nc7 20. a6 Bc6 21. Ne5 Bd6 22. Nxc6 (22. Ra5 {feels hotter.} Rd8 23. h4 f6 24. Nd3 Bxf4 25. Nxf4 Qf7 26. Nd3) 22... Qxc6 23. c4 {[%cal Rc4b5]} (23. Bxd6 {looks sharper.} Qxd6 24. e4 dxe4 25. Bxe4 e5 26. Qb4) 23... Bxf4 (23... bxc4 $5 24. Qb7 $8 Ne8 $11) 24. cxb5 Nxb5 25. Qxb5 Qxb5 26. Rxb5 Bc7 27. e4 $1 {[%cal Re4d5]} dxe4 28. Bxe4 Bd6 29. Rb7 Rc7 {[#]} 30. Rab1 $1 g5 31. Rxc7 Bxc7 $16 {[%mdl 4096] Endgame KRB-KRB} 32. Rb7 Bb8 33. g4 (33. Bf3 $16) 33... Rd8 $14 34. d5 (34. Kg2 $14) 34... exd5 $11 {[#]The position is equal.} 35. Bxd5 $1 {[%mdl 512]} Bxh2+ $1 (35... Rxd5 36. Rxb8+) 36. Kxh2 Rxd5 37. Rxa7 {Threatening Kg3. KR-KR} Ra5 38. Kg2 {Threatens to win with Ra8+.} Kg7 39. Ra8 Ra4 40. f3 {Hoping for a7.} Ra2+ 41. Kf1 {Black must now prevent Ke1.} Kf6 42. a7 {Black should prevent Ke1.} h6 43. Ke1 {With the idea Kd1.} Kg7 44. Kf1 {Weighted Error Value: White=0.08/Black=0.06} 1/2-1/2

[Event "XXVII RUS-chT Women 2020"]
[Site "Sochi"]
[Date "2020.11.23"]
[Round "5.6"]
[White "Badelka, Olga"]
[Black "Yakimova, Mariya"]
[Result "1-0"]
[WhiteElo "2427"]
[BlackElo "2244"]
[Annotator "TA"]
[PlyCount "71"]
[EventDate "2020.11.19"]
[EventType "team-tourn"]
[EventCountry "RUS"]
[SourceTitle "playchess.com"]
[Source "ChessBase"]
[SourceQuality "1"]

{[%evp 9,71,52,72,61,66,62,64,56,60,52,76,72,72,74,73,71,88,56,87,72,92,78,92,96,133,112,117,106,115,75,122,89,170,156,269,203,187,107,87,86,101,92,105,100,170,95,193,193,368,312,343,298,435,413,655,658,725,575,570,570,568,567,567,565]} 1. d4 f5 2. Nf3 Nf6 3. Bf4 e6 4. e3 d5 5. c4 c6 6. Nbd2 {A80: Dutch Defence: Unusual White second moves.} Be7 7. Be2 O-O 8. O-O {White is slightly better.} Ne4 9. h3 b6 {[#]} 10. Rc1 $146 ({Predecessor:} 10. Ne5 Bb7 11. Rc1 Nd7 12. Ndf3 Nxe5 13. Nxe5 Qe8 14. cxd5 exd5 15. Qa4 b5 16. Qc2 {1-0 (41) Thiry,J (2031)-Sibiya,R (1784) Reykjavik 2015}) 10... Bb7 11. cxd5 exd5 12. Ne5 Ng5 13. Ndf3 Ne6 14. Bh2 c5 15. Qa4 a6 16. dxc5 bxc5 17. Qb3 Ra7 18. Rfd1 a5 19. a4 Bf6 20. Nc4 {Threatens to win with Nd6.} Nd7 ({Don't go for} 20... dxc4 $2 21. Bxc4 Qe8 22. Bxe6+ Kh8 23. Rxc5 $18) (20... Nc6 $16) 21. Nd6 $18 Qb6 (21... Nb6 $16 22. Nxb7 (22. Nxf5 Bc6 $16) 22... Rxb7) 22. Qc2 g6 23. Nxb7 (23. Nb5 $18) 23... Qxb7 $16 24. Bb5 Nb6 25. b3 Raa8 26. Ne5 Qg7 (26... Rfc8 $16 {was worth a try.}) 27. Nd3 ({Better is} 27. Nc6 $18) 27... Rac8 {[#]} (27... Rfc8 $16) 28. Qd2 $1 $18 c4 $2 (28... Qa7 29. Bd6 Be7) 29. Qxa5 Qb7 30. bxc4 dxc4 (30... Nxc4 $142 31. Qa6 Qxa6 32. Bxa6 Ra8) 31. Ne5 c3 (31... Rfd8 $142 32. Rxd8+ Nxd8 33. Nxc4 Nf7) 32. Rd6 {[%mdl 64] [#] Double Attack. White is clearly winning.} Nc5 33. Qxb6 Qxb6 34. Rxb6 Nb3 35. Bc4+ {[%mdl 64] Discovered Attack} Rxc4 36. Rxb3 {Weighted Error Value: White=0.20/Black=0.45} ({Less strong is} 36. Nxc4 Nxc1 37. Na3 Be7 $14) 1-0

[Event "XXVII RUS-chT Women 2020"]
[Site "Sochi"]
[Date "2020.11.23"]
[Round "5.7"]
[White "Nasyrova, Ekaterina"]
[Black "Guseva, Marina"]
[Result "0-1"]
[WhiteElo "2261"]
[BlackElo "2352"]
[Annotator "TA"]
[PlyCount "54"]
[EventDate "2020.11.19"]
[EventType "team-tourn"]
[EventCountry "RUS"]
[SourceTitle "playchess.com"]
[Source "ChessBase"]
[SourceQuality "1"]

{[%evp 21,54,6,7,-6,29,-8,9,-49,-8,-113,-100,-149,-160,-167,-177,-171,-166,-153,-164,-158,-164,-484,-411,-396,-418,-438,-438,-616,-614,-610,-608,-771,-580,-29990,-29991]} 1. Nf3 Nf6 2. c4 e6 3. Nc3 Bb4 4. Qc2 O-O 5. e3 d6 6. d4 Nbd7 7. a3 Bxc3+ 8. Qxc3 b6 9. b3 Bb7 10. Bb2 Ne4 11. Qc2 f5 12. Bd3 {E32: Nimzo-Indian: Classical (4 Qc2): 4...0-0.} Ndf6 13. h3 {[#]} c5 $146 ({Predecessor:} 13... Rc8 14. O-O Qe8 15. Nd2 Qg6 16. Nxe4 Nxe4 17. f3 Ng3 18. Rf2 c5 19. Re1 d5 20. dxc5 bxc5 {0-1 (35) Morais,W (1791)-Manzi,L (2135) Rio de Janeiro 2013}) 14. Rg1 (14. O-O $11) 14... cxd4 15. exd4 (15. Nxd4 $11 Nc5 16. f3) 15... Rc8 16. g4 {[#]} b5 $1 {[%mdl 512]} 17. gxf5 (17. cxb5 Rxc2) 17... exf5 18. O-O-O bxc4 19. bxc4 {[#]} Bd5 $1 {[%mdl 512]} 20. Kb1 {[#]} (20. cxd5 Rxc2+) 20... Bxc4 $1 {[%mdl 512]} 21. Nh4 $2 (21. Bxc4+ d5 22. Ne5 (22. Qa4 $2 dxc4 23. Qc2 c3 $19) 22... dxc4 23. f3) 21... Be6 22. Qe2 Qb6 23. Bxe4 Nxe4 (23... fxe4 $2 {[#]} 24. d5 $1 $17 {[%mdl 512]}) 24. d5 (24. Ka1 $142 Bd5 25. Rd3) 24... Nc3+ $19 25. Ka1 Nxe2 26. Rxg7+ Kh8 27. Re7+ Nc3 {[%mdl 64] Double Attack. White did not feel at home in the position after the opening.  Weighted Error Value: White=0.98/Black=0.15} 0-1

[Event "XXVII RUS-chT Women 2020"]
[Site "Sochi"]
[Date "2020.11.23"]
[Round "5.8"]
[White "Kovanova, Baira"]
[Black "Bulatova, Kamaliya"]
[Result "1-0"]
[WhiteElo "2323"]
[BlackElo "2143"]
[Annotator "TA"]
[PlyCount "41"]
[EventDate "2020.11.19"]
[EventType "team-tourn"]
[EventCountry "RUS"]
[SourceTitle "playchess.com"]
[Source "ChessBase"]
[SourceQuality "1"]

{[%evp 13,41,12,15,2,16,-8,5,-35,146,149,140,131,174,147,176,171,177,176,320,319,670,671,648,647,29995,1352,1304,1193,29997,29981]} 1. d4 Nf6 2. Nf3 g6 3. Bf4 Bg7 4. h3 O-O 5. e3 d6 6. Be2 c5 7. O-O Qb6 8. Qc1 {A48: 1 d4 Nf6 2 Nf3 g6: Torre, London and Colle Systems.} Nd5 9. Bg5 {[#]} cxd4 $146 ({Predecessor:} 9... h6 10. Bh4 g5 11. Bg3 Bf5 12. Na3 Na6 13. Nc4 Qc7 14. c3 Rab8 15. a4 Nf6 16. dxc5 Nxc5 {0-1 (52) Eidelson,R (2280)-Semenova,I (2255) Frydek Mistek 1997}) 10. exd4 {The position is equal.} Bxd4 $2 (10... Nc6 $1 $15 {keeps the upper hand.}) 11. Nxd4 $16 Qxd4 12. Rd1 $1 {[%cal Rd1d4]} Qc5 {[#]} 13. b4 $1 $36 {[%cal Rb4c5][%mdl 2624] Deflection. White has strong initiative.} Nxb4 (13... Qxb4 14. Rxd5) 14. Bxe7 {[%mdl 64] Double Attack} Re8 15. Bxd6 Qxc2 (15... Qa5 $142) 16. Bxb4 $18 Qxe2 $2 (16... Qxc1 17. Rxc1 Nc6) 17. Nc3 Qc4 18. Nd5 Re4 19. Ne7+ (19. Nf6+ $142 Kg7 {[#]} 20. Nh5+ $1 {[%mdl 576] Back Rank} gxh5 21. Qg5+ {[%mdl 64] Double Attack} Kh8 22. Rd8+ Re8 23. Rxe8#) 19... Kg7 20. Bc3+ Kf8 21. Nxc8 {White took control after the opening.  Weighted Error Value: White=0.06/Black=1.55} 1-0

[Event "XXVII RUS-chT Women 2020"]
[Site "Sochi"]
[Date "2020.11.23"]
[Round "5.9"]
[White "Vasilevich, Tatjana"]
[Black "Protopopova, Anastasiya"]
[Result "1/2-1/2"]
[WhiteElo "2353"]
[BlackElo "2267"]
[Annotator "TA"]
[PlyCount "95"]
[EventDate "2020.11.19"]
[EventType "team-tourn"]
[EventCountry "RUS"]
[SourceTitle "playchess.com"]
[Source "ChessBase"]
[SourceQuality "1"]

{[%evp 9,95,0,8,13,0,0,13,7,10,7,0,-6,7,0,25,16,18,0,8,-45,-20,-37,-22,-77,-53,-47,0,0,258,36,35,44,39,40,39,45,46,50,84,84,84,84,92,92,92,92,92,92,92,92,92,92,105,85,85,84,84,84,84,45,45,45,45,45,45,45,45,45,45,45,45,45,45,45,45,45,45,45,45,45,45,45,45,8,8,8,37,0]} 1. d4 Nf6 2. Bg5 d5 3. Bxf6 gxf6 4. c4 dxc4 5. e3 {[#]} c5 $1 {[%mdl 512]} 6. Bxc4 {D00: 1 d4 d5: Unusual lines.} (6. dxc5 Qxd1+) 6... cxd4 7. exd4 ({Of course not} 7. Qh5 e6 $15) 7... Bg7 8. Ne2 {The position is equal.} O-O 9. O-O Nc6 {[#]} 10. d5 $146 ({Predecessor:} 10. Nbc3 f5 11. d5 Ne5 12. Bb3 Qd6 13. Ng3 f4 14. Nh5 Bg4 {0-1 (14) Efimov,I (2374)-Bauer,C (2621) Geneve 2016}) 10... Ne5 11. Bb3 b5 {[%cal Bb7b5,Bb5b4][%mdl 32]} 12. Nbc3 b4 13. Na4 Bd7 14. Nd4 (14. Rc1 $11) 14... Qa5 15. a3 f5 16. Re1 (16. Bc2 $11) 16... bxa3 17. Rxa3 Nd3 18. Nc3 $1 ({But not} 18. Rxe7 Qb4 $17) 18... Qb4 $2 {[%mdl 8192]} (18... Qb6 $11 {and Black is okay.} 19. Qxd3 Bxd4) 19. Qxd3 $2 (19. Nc2 $18 Nxb2 20. Nxb4 Nxd1 21. Nxd1) 19... Bxd4 $14 20. Ba4 Bxc3 21. Qxc3 Qxc3 22. bxc3 Bxa4 23. Rxa4 {[%mdl 4096] Endgame KRR-KRR} Rfc8 24. Rxe7 {Hoping for c4.} Rxc3 {[#] ( -> ...Rc1+)} 25. g3 Rd3 26. Re5 Rd8 27. Rxf5 R3xd5 28. Rxd5 Rxd5 29. Rxa7 $16 {KR-KR} Kg7 30. Kg2 Kg6 31. Ra4 h5 32. h3 Rc5 33. Re4 Rb5 34. g4 hxg4 35. Rxg4+ Kh6 36. Kg3 Rb3+ 37. f3 Ra3 38. Rb4 Kg6 39. Kg4 Ra1 40. Rb6+ f6 41. Rb8 Rg1+ 42. Kf4 {White threatens Rg8+ and mate.} Rh1 43. Rg8+ Kf7 44. Rg3 Ra1 45. Rg4 Rh1 46. h4 Rh3 47. Ke3 Rh2 48. Kf4 {Weighted Error Value: White=0.18/Black=0.17} 1/2-1/2

[Event "XXVII RUS-chT Women 2020"]
[Site "Sochi"]
[Date "2020.11.23"]
[Round "5.10"]
[White "Lysenko, Margarita"]
[Black "Gritsayeva, Oksana"]
[Result "1-0"]
[WhiteElo "2237"]
[BlackElo "2351"]
[Annotator "TA"]
[PlyCount "77"]
[EventDate "2020.11.19"]
[EventType "team-tourn"]
[EventCountry "RUS"]
[SourceTitle "playchess.com"]
[Source "ChessBase"]
[SourceQuality "1"]

{[%evp 12,77,-2,-25,-8,-25,-15,-16,-12,-15,0,-12,18,8,39,0,30,30,56,40,48,59,65,8,41,41,56,47,84,55,57,44,47,23,21,0,102,5,12,15,4,0,75,58,106,112,271,247,214,211,265,270,362,380,370,357,860,846,1286,1290,1288,1286,1286,1274,1184,1076,1144,1099]} 1. d4 Nf6 2. c4 e6 3. Nc3 Bb4 4. e3 O-O 5. Nge2 Re8 6. a3 Bf8 7. g3 d5 {E46: Nimzo-Indian: Rubinstein: 4 e3 0-0 5 Ne2 without early Bd3.} 8. cxd5 exd5 9. Bg2 c6 {The position is equal.} 10. O-O a5 11. Qc2 g6 12. f3 {[#]} Bg7 $146 ({Predecessor:} 12... c5 13. Rd1 cxd4 14. Nxd4 Nc6 15. Qf2 Nxd4 16. exd4 {½-½ (16) Meskovs,N (2457)-Zhigalko,A (2574) Warsaw 2015}) 13. h3 Na6 14. e4 Be6 15. Be3 dxe4 16. fxe4 Bc4 17. Bf2 (17. b3 $14 Be6 18. g4) 17... Nc7 (17... c5 $5) 18. Rfe1 Ne6 19. Rad1 Ng5 20. Nf4 Ne6 $1 21. Nxe6 Bxe6 22. Na4 Nd7 23. Nc3 Qg5 {[#]} (23... Nf6 $11) 24. d5 (24. g4 $1 $16) 24... cxd5 $11 25. exd5 Bf5 26. Qb3 Ne5 (26... Rxe1+ $11 {keeps the balance.} 27. Rxe1 h5) 27. Ne4 $36 {[%mdl 2048] Black is under pressure.} (27. Qxb7 Reb8 $11) 27... Bxe4 28. Rxe4 f5 $2 {[#] This move loses the game for Black.} (28... b5 $16) 29. Re2 a4 30. Qb4 ({Resist} 30. Qxb7 $6 Rab8 $16) 30... Rf8 31. d6 (31. Qxb7 f4 $11) 31... f4 32. gxf4 ({Worse is} 32. Qxb7 f3 $11) 32... Qh5 33. Kf1 Nf3 $2 (33... Nd7 34. Rd5 Qh6) 34. Qe4 $18 {White is clearly winning.} Nh4 35. Qd5+ Qxd5 36. Bxd5+ Kh8 37. Bxh4 Rxf4+ 38. Bf2 Raf8 39. d7 {Weighted Error Value: White=0.20/Black=0.36} 1-0

[Event "XXVII RUS-chT Women 2020"]
[Site "Sochi"]
[Date "2020.11.23"]
[Round "5.11"]
[White "Tomilova, Elena"]
[Black "Sudakova, Irina"]
[Result "0-1"]
[WhiteElo "2358"]
[BlackElo "2288"]
[Annotator "TA"]
[PlyCount "88"]
[EventDate "2020.11.19"]
[EventType "team-tourn"]
[EventCountry "RUS"]
[SourceTitle "playchess.com"]
[Source "ChessBase"]
[SourceQuality "1"]

{[%evp 11,88,13,8,4,25,22,62,23,24,0,31,7,7,7,7,7,2,0,0,0,0,0,0,-17,-11,-8,-8,-18,-13,-13,-11,-14,-12,-18,0,-6,-4,0,0,-6,0,-3,0,0,0,0,0,-67,-52,-91,-20,-87,-75,-75,-81,-176,-8,-1643,-181,-645,-726,-626,-602,-807,-809,-29982,-29983,-29991,-29992,-29992,-29993,-29993,-29994,-29994,-29993,-29993,-29994,-29994,-29995]} 1. d4 d5 2. c4 e6 3. Nf3 Nf6 4. Nc3 dxc4 5. e3 a6 6. a4 Bb4 7. Bxc4 {D24: Queen's Gambit Accepted: 3 Nf3 Nf6 4 Nc3.} c5 {Recently 7...b6 got a lot of attention.} 8. O-O Nc6 9. Qe2 {White is slightly better.} O-O {[%cal Rc5d4]} 10. Rd1 Qc7 11. d5 exd5 12. Nxd5 Nxd5 13. Bxd5 Bg4 14. h3 Bh5 {[#]} 15. Bd2 $146 ({Predecessor:} 15. g4 Bg6 16. e4 Rae8 17. Bg5 Kh8 18. Bh4 Bxe4 19. Bxe4 Qf4 20. Re1 Bxe1 21. Rxe1 {1-0 (32) Loxine,J (2198)-Boss,I (2016) Cologne 2004}) 15... Rad8 16. Bc3 Nd4 17. Rxd4 cxd4 18. Bxb4 Rxd5 19. Bxf8 {Threatens to win with Bb4.} d3 20. Qd1 {And now Bb4 would win.} Kxf8 21. g4 Bg6 22. Rc1 Qd7 23. Nd2 h5 24. f4 f6 25. Qf3 Bf7 26. b3 Rd6 27. f5 Bd5 28. Qf4 Rc6 29. Rf1 (29. Rxc6 $11 Qxc6 30. Qd4) 29... Rc2 $15 30. e4 Bc6 (30... Bf7 $1 $17 31. Rf2 Qd8) 31. Rf2 (31. gxh5 $11 {remains equal.} Qd4+ 32. Rf2) 31... h4 $1 $17 32. g5 fxg5 $1 33. Qb8+ (33. Qxg5 $17 Qd4 34. Qf4) 33... Kf7 $2 (33... Qe8 $19 34. Qd6+ Qe7) 34. e5 $2 {[%mdl 8192] White does not recover from this.} (34. Nf3 $11 Qe7 35. Ne5+ {[%mdl 64] Double Attack} Kf6 36. Ng4+ Kf7 37. Ne5+ {[%mdl 64] Double Attack} Kf6 38. Ng4+ Kf7 39. Ne5+ {[%mdl 64] Double Attack}) 34... Qd5 $2 (34... Rc1+ 35. Nf1 Rxf1+ $1 {[%mdl 576] Remove Defender} 36. Kxf1 d2 37. Rxd2 Qxd2 38. Qc7+ Kg8) 35. e6+ $2 (35. Nf3 Be8 36. Nxg5+ Ke7 37. f6+ gxf6 38. exf6+ Kf8 39. Nh7+ Kf7 40. Rxc2 dxc2 41. Qc7+ Bd7 42. Qxc2) 35... Ke7 $19 {[%csl Gc6][%cal Rd5h1]} 36. Qc7+ {[#]} Kf6 $1 {[%csl Gc6][%cal Rd5h1]} 37. Qf7+ Ke5 {[%csl Gc6][%cal Rd5h1]} 38. Qxg7+ Kd6 {[%csl Gc6][%cal Rd5h1] Black mates.} 39. Qf8+ Kc7 {[%csl Gc6][%cal Rd5h1]} 40. Qg7+ Kb6 {[%csl Gc6][%cal Rd5h1]} 41. a5+ Ka7 {[%csl Gc6][%cal Rd5h1]} 42. Nf3 Rxf2 43. Qd4+ Qxd4 44. Nxd4 Rf4 {Weighted Error Value: White=0.69/Black=0.35} 0-1

[Event "XXVII RUS-chT Women 2020"]
[Site "Sochi"]
[Date "2020.11.23"]
[Round "5.12"]
[White "Smirnova, Ekaterina"]
[Black "Potapova, Margarita"]
[Result "1/2-1/2"]
[WhiteElo "2239"]
[BlackElo "2266"]
[Annotator "TA"]
[PlyCount "93"]
[EventDate "2020.11.19"]
[EventType "team-tourn"]
[EventCountry "RUS"]
[SourceTitle "playchess.com"]
[Source "ChessBase"]
[SourceQuality "1"]

{[%evp 19,93,6,24,0,0,0,0,-5,14,-19,0,-33,-30,-76,-64,-82,-76,-116,-104,-174,-174,-167,-171,-236,-239,-236,-240,-225,-226,-199,-214,-221,-189,-195,-184,-188,-193,-211,-218,-206,-208,-210,-209,-254,-238,-213,-188,-333,-282,-510,-508,-470,-417,-625,-771,-621,-543,-418,-187,-180,-180,-137,0,0,0,0,0,0,0,0,0,0,0,0,0,0]} 1. d4 Nf6 2. c4 e6 3. Nf3 b6 4. a3 Bb7 5. Nc3 d5 6. cxd5 Nxd5 7. Qc2 Nxc3 8. bxc3 c5 9. e4 Nd7 10. Bd3 Qc7 11. Qb2 {11.0-0 is becoming the main line. E12: Queen's Indian: Unusual White 4th moves, 4 a3, 4 Nc3 Bb7 5 a3 and 4 Nc3 Bb7 .} Be7 12. O-O O-O {[#]} 13. Bd2 $146 ({Predecessor:} 13. Qe2 Rac8 14. Bd2 Rfd8 15. a4 h6 16. h3 Qd6 17. Rfd1 Qb8 18. a5 Nf6 19. axb6 axb6 {0-1 (53) Kashlinskaya,A (2494)-Hejazipour,M (2300) chess.com INT 2020}) 13... Rfd8 14. Rac1 Rac8 15. Bb1 Nb8 16. Ne5 Nc6 17. Nxc6 Qxc6 18. Rfd1 Qd6 {[%cal Rc5d4]} 19. dxc5 (19. Be3 $17) 19... Qxc5 $19 20. a4 Qa3 21. Qc2 (21. Qxa3 $142 Bxa3 22. Rc2) 21... Bc6 $1 {[%cal Rc6a4]} 22. e5 g6 23. Be3 Bxa4 ({Don't do} 23... Qxa4 24. Rxd8+ Bxd8 25. Qxa4 $17) 24. Rxd8+ Rxd8 ({Don't play} 24... Bxd8 25. Qd2 $17) 25. Qe2 {[#]} Qxc1+ $1 {[%mdl 576] Remove Defender, Decoy} 26. Bxc1 {Threatens to win with Bd3.} Rd1+ 27. Qxd1 Bxd1 {[%mdl 4096] Endgame KBB-KBB} 28. Ba2 Be2 29. Be3 Bc5 $1 30. Bxc5 bxc5 {KB-KB} 31. f4 {[#]} h6 $1 32. Kf2 Bb5 33. h4 {[#]} (33. g3 $142) 33... g5 $1 {[%mdl 512]} 34. fxg5 $2 (34. g3 {keeps fighting.}) 34... hxg5 35. hxg5 Kg7 36. Bb1 (36. c4 $142 Bc6 37. Bb1) 36... a5 {[%cal Ba7a5,Ba5a4,Ba4a3][%mdl 32]} 37. Ke3 a4 38. Kd2 Bc4 (38... a3 $142 39. Kc1 Bf1) 39. Kc1 a3 {...a2 is the strong threat.} 40. Bc2 {[#]} Kf8 (40... Bf1 $1 $17 {aiming for ...c4.} 41. Kb1 Bxg2) 41. g3 $11 {The position is equal.} Ke7 (41... a2 $5 42. Kb2 $8 Kg7 $11) 42. Kb1 Kd7 43. Ba4+ Ke7 44. Bc2 Kf8 45. Ka1 Ke8 46. Ba4+ Kd8 47. Bc2 {White happily takes the draw.  Weighted Error Value: White=0.29/Black=0.15} 1/2-1/2